Les 30 plus grandes villes d'Afrique - Statistiques

Statistiques générales
  • Ce quiz a été pris 132 fois
  • Le résultat moyen est 16 sur 30
Statistiques - réponses
population en
millions d'habitants
ville % Correct
7 7 796 923 Alger
97%
1 24 439 785 Le Caire
97%
4 12 641 463 Kinshasa
89%
21 3 938 358 Dakar
86%
15 4 949 347 Johannesbourg
86%
20 4 004 793 Le Cap
86%
2 22 829 561 Lagos
84%
18 4 270 750 Casablanca
80%
8 7 490 979 Nairobi
80%
16 4 707 404 Abidjan
78%
13 5 153 002 Addis-Abeba
72%
12 5 278 745 Alexandrie
72%
17 4 347 997 Bamako
72%
6 8 524 021 Khartoum
66%
5 9 165 776 Luanda
63%
11 5 390 455 Accra
62%
10 5 572 776 Dar es Salam
54%
28 3 209 933 Antananarivo
47%
29 2 966 307 Ouagadougou
44%
19 4 101 302 Kampala
43%
14 4 956 615 Kano
41%
30 2 768 436 Douala
39%
25 3 371 099 Lusaka
35%
23 3 465 389 Hararé
33%
9 5 881 345 Ibadan
27%
3 14 717 040 Gauteng
4%
26 3 367 582 Mbuji-Mayi
2%
24 3 379 104 Ekurhuleni
0%
22 3 661 911 eThekwini
0%
27 3 275 152 Tshwane
0%
Aucun quiz correspondant
Distribution des résultats
% des personnes avec chaque résultat
Percentile par nombre de réponses
Votre historique - résultats
Vous n’avez pas pris ce quiz